| 000 | 00591nam a22001817a 4500 | ||
|---|---|---|---|
| 999 |
_c524443 _d524443 |
||
| 003 | NUST | ||
| 038 | _aWaseem | ||
| 082 |
_a891.421 _bCHI |
||
| 100 |
_aChishti, Muhammad Aslam Taalib _915261 |
||
| 245 |
_aDonghy Phat / _cMuhammad Aslam Taalib Chishti |
||
| 260 |
_aMandi Bahaodin : _bDaim Iqbal academy, _c2004. |
||
| 300 | _a160 p. ; | ||
| 500 | _aHard cover. | ||
| 880 |
_6100-01\r _aمحمد اسلم طالب چشتی |
||
| 880 |
_6245-02\r _aڈونگھے پھٹ / |
||
| 880 |
_6260-03\r _aمنڈی بہاؤالدین : _bدائم اقبال اکیڈمی, _c۲۰۰۴. |
||
| 942 |
_2ddc _cBK |
||